[Event "Orsha op"]
[Site "Orsha"]
[Date "2019.01.18"]
[Round "1"]
[White "Masterova, Daria"]
[Black "Kirilin, Dmitrij"]
[Result "0-1"]
[WhiteElo "1500"]
[BlackElo "2074"]
[PlyCount "82"]
[EventDate "2019.01.18"]
[EventType "swiss"]
[EventRounds "9"]
[EventCountry "BLR"]
[SourceTitle "CBM 188 Extra"]
[Source "ChessBase"]
[SourceDate "2019.02.28"]
[SourceVersion "1"]
[SourceVersionDate "2019.02.28"]
[SourceQuality "1"]

1. e4 c5 2. Nc3 d6 3. Nf3 a6 4. g3 Nc6 5. Bg2 g6 6. d3 Bg7 7. 0-0 e6 8. Be3 Nd4 9. Rb1 Ne7 10. Ne2 Nec6 11. c3 Nxf3+ 12. Bxf3 0-0 13. d4 b6 14. Qd2 Bb7 15. Bh6 b5 16. h4 Bxh6 17. Qxh6 Qf6 18. Qe3 e5 19. d5 Nb8 20. Kg2 Nd7 21. Rh1 Qg7 22. h5 f5 23. hxg6 hxg6 24. Rh3 Nf6 25. Rbh1 Kf7 26. b3 Rh8 27. c4 Rxh3 28. Rxh3 Rh8 29. Ng1 Bc8 30. Rxh8 Qxh8 31. Nh3 Qxh3+ 32. Kxh3 f4+ 33. Kh4 fxe3 34. fxe3 Nh7 35. a3 Kf6 36. cxb5 axb5 37. Be2 Bd7 38. Bf1 Ng5 39. Bg2 c4 40. bxc4 bxc4 41. Bf1 Nf3# 0-1